Countries With the Tallest People - Statistics

General Stats
  • This quiz has been taken 95,106 times
    95,086 since last reset
  • The average score is 15 of 20
Answer Stats
Male Country Female % Correct
179.6 (5′11) Sweden 165.7 (5′5)
93%
179.7 (5′11) Germany 165.9 (5′5)
91%
179.5 (5′11) Norway 165.6 (5′5)
91%
182.5 (6′0) Netherlands 168.7 (5′6)
90%
179.7 (5′11) Finland 165.9 (5′5)
89%
181.4 (5′11) Denmark 167.2 (5′6)
85%
181.7 (6′0) Belgium 165.5 (5′5)
81%
181.6 (5′11) Estonia 168.7 (5′6)
73%
181.7 (6′0) Latvia 169.8 (5′7)
73%
179.7 (5′11) Lithuania 166.6 (5′6)
72%
180.1 (5′11) Iceland 165.9 (5′5)
71%
179.0 (5′10) Ukraine 166.3 (5′6)
66%
180.6 (5′11) Slovakia 167.5 (5′6)
64%
181.4 (5′11) Czech Republic 168.5 (5′6)
63%
180.9 (5′11) Serbia 167.7 (5′6)
63%
179.8 (5′11) Slovenia 166.1 (5′5)
63%
178.9 (5′10) Belarus 166.3 (5′6)
62%
179.9 (5′11) Croatia 165.6 (5′5)
61%
179.2 (5′11) Australia 165.9 (5′5)
59%
180.5 (5′11) Bosnia and Herzegovina 165.8 (5′5)
57%
No matching quizzes found
Score Distribution
Percent of People with Each Score
Percentile by Number Answered
Your Score History
You have not taken this quiz since the last reset